000 01088nam a2200313 i 4500
001 000047058
003 DO-SdBNP
005 20231017091229.0
007 ta
008 150602s2009 dr a 000 0 spa d
020 _a9789945595239
040 _aDO-SdBNP
_bspa
_cBNPHU
_erda
082 4 _222
245 0 0 _aLengua española :
_bPrimer grado, primer ciclo educación primaria /
_cproducción editorial, María del Jesús de la Rosa ; ilustraciones, Henry Cid ; Corrección de texto, Danilda Pérez.
250 _aed. rev. y act.
264 _aSanto Domingo :
_bActualidad Escolar 2000,
_c2009.
300 _a208 páginas :
_bilustraciones ;
_c22 cm.
336 _2rdacontent
_atexto
_btxt
337 _2rdamedia
_asin mediación
_bn
338 _2rdacarrier
_avolumen
_bnc
490 _aVeraz
505 0 _av. 2 --
_tlibro del maestro.
590 _aInventariado, 2018/VM
700 1 _aJesús de la Rosa, María del,
_eed.}itor
_929833
700 1 _aPérez, Danilda,
_ecorrección
_973778
700 1 _aCid, Henry,
_eilustraciones
_9346
910 _aBtavárez
942 _2ddc
_cLBS1
999 _c46546
_d46546